000 00687nam a2200241Ia 4500
003 OSt
005 20221005093045.0
006 a|||||r|||| 00| 0
007 ta
008 221004b |||||||| |||| 00| 0 eng d
024 _a76072
037 _cTextual
040 _aCRL
_cCRL
_beng
041 _2eng
_aeng
082 _aO111973v, L8
100 _aCowley Malcolm
_919278
245 0 _aAnd I worked at the writer's trade
_b Chapters of literary history, 1918- 1978
260 _aNew York
_bThe Viking Press USA
_c1963
300 _a276p.
_ccm.
650 _aAMERICAN LITERATURE
942 _hO111973v, L8
_cTEXL
_2cc
999 _c999774
_d999774